<?xml version="1.0" encoding="UTF-8"?>
<collection xmlns="http://www.loc.gov/MARC21/slim">
 <record>
  <leader>04562nam a22004577a 4500</leader>
  <controlfield tag="001">NCT_123036</controlfield>
  <controlfield tag="008">220513b        xxu||||| |||| 00| 0 vie d</controlfield>
  <datafield tag="999" ind1=" " ind2=" ">
   <subfield code="c">6302</subfield>
   <subfield code="d">6302</subfield>
  </datafield>
  <datafield tag="020" ind1=" " ind2=" ">
   <subfield code="a">9786046650997</subfield>
   <subfield code="c">100000</subfield>
  </datafield>
  <datafield tag="082" ind1="0" ind2="4">
   <subfield code="2">23rd ed.</subfield>
   <subfield code="a">572.8</subfield>
   <subfield code="b">L431</subfield>
  </datafield>
  <datafield tag="100" ind1="1" ind2=" ">
   <subfield code="a">Đỗ Hoàng Long</subfield>
   <subfield code="e">Chủ biên</subfield>
  </datafield>
  <datafield tag="245" ind1="1" ind2="0">
   <subfield code="a">Y sinh học phân tử :</subfield>
   <subfield code="b">Dành cho sinh viên khối ngành khoa học sức khỏe</subfield>
   <subfield code="c">Đỗ Hoàng Long, Trịnh Thị Hồng Của (Chủ biên) ; Trần Ngọc Dung,...</subfield>
  </datafield>
  <datafield tag="260" ind1=" " ind2=" ">
   <subfield code="a">H.</subfield>
   <subfield code="b">Y học</subfield>
   <subfield code="c">2021</subfield>
  </datafield>
  <datafield tag="300" ind1=" " ind2=" ">
   <subfield code="a">127 tr.</subfield>
   <subfield code="b">Minh họa</subfield>
   <subfield code="c">27cm</subfield>
  </datafield>
  <datafield tag="500" ind1=" " ind2=" ">
   <subfield code="a">ĐTTS ghi: Trường đại học y dược Cần Thơ. Bộ môn Sinh lý bệnh - Miễn dịch</subfield>
  </datafield>
  <datafield tag="520" ind1="3" ind2=" ">
   <subfield code="a">Nội dung giáo trình bao gồm các bài giảng được sắp xếp theo trình tự từ phần giới thiệu kiến thức chung tổng quan về sinh học phân tử đến kiến thức cốt lõi, nền tảng của khía cạnh sinh học, sau đó đến các bài giảng tập trung về các kỹ thuật sinh học phân tử từ cơ bản đến chuyên sâu,...</subfield>
  </datafield>
  <datafield tag="653" ind1=" " ind2=" ">
   <subfield code="a">Y đa khoa</subfield>
  </datafield>
  <datafield tag="700" ind1="1" ind2=" ">
   <subfield code="a">Trịnh Thị Hồng Của </subfield>
   <subfield code="e">Chủ biên</subfield>
  </datafield>
  <datafield tag="700" ind1="1" ind2=" ">
   <subfield code="a">Trần Ngọc Dung</subfield>
   <subfield code="e">Biên soạn</subfield>
  </datafield>
  <datafield tag="942" ind1=" " ind2=" ">
   <subfield code="2">ddc</subfield>
   <subfield code="c">BK</subfield>
  </datafield>
  <datafield tag="952" ind1=" " ind2=" ">
   <subfield code="0">0</subfield>
   <subfield code="1">0</subfield>
   <subfield code="2">ddc</subfield>
   <subfield code="4">0</subfield>
   <subfield code="6">572_800000000000000_L431</subfield>
   <subfield code="7">0</subfield>
   <subfield code="9">23865</subfield>
   <subfield code="a">000001</subfield>
   <subfield code="b">000001</subfield>
   <subfield code="d">2022-05-13</subfield>
   <subfield code="o">572.8 L431</subfield>
   <subfield code="p">MD.19506</subfield>
   <subfield code="r">2022-05-13</subfield>
   <subfield code="v">100000.00</subfield>
   <subfield code="w">2022-05-13</subfield>
   <subfield code="y">BK</subfield>
  </datafield>
  <datafield tag="952" ind1=" " ind2=" ">
   <subfield code="0">0</subfield>
   <subfield code="1">0</subfield>
   <subfield code="2">ddc</subfield>
   <subfield code="4">0</subfield>
   <subfield code="6">572_800000000000000_L431</subfield>
   <subfield code="7">0</subfield>
   <subfield code="9">23866</subfield>
   <subfield code="a">000001</subfield>
   <subfield code="b">000001</subfield>
   <subfield code="d">2022-05-13</subfield>
   <subfield code="o">572.8 L431</subfield>
   <subfield code="p">MD.19507</subfield>
   <subfield code="r">2022-05-13</subfield>
   <subfield code="v">100000.00</subfield>
   <subfield code="w">2022-05-13</subfield>
   <subfield code="y">BK</subfield>
  </datafield>
  <datafield tag="952" ind1=" " ind2=" ">
   <subfield code="0">0</subfield>
   <subfield code="1">0</subfield>
   <subfield code="2">ddc</subfield>
   <subfield code="4">0</subfield>
   <subfield code="6">572_800000000000000_L431</subfield>
   <subfield code="7">0</subfield>
   <subfield code="9">23867</subfield>
   <subfield code="a">000001</subfield>
   <subfield code="b">000001</subfield>
   <subfield code="d">2022-05-13</subfield>
   <subfield code="l">1</subfield>
   <subfield code="o">572.8 L431</subfield>
   <subfield code="p">MD.19508</subfield>
   <subfield code="r">2023-05-12</subfield>
   <subfield code="s">2023-05-04</subfield>
   <subfield code="v">100000.00</subfield>
   <subfield code="w">2022-05-13</subfield>
   <subfield code="y">BK</subfield>
  </datafield>
  <datafield tag="952" ind1=" " ind2=" ">
   <subfield code="0">0</subfield>
   <subfield code="1">0</subfield>
   <subfield code="2">ddc</subfield>
   <subfield code="4">0</subfield>
   <subfield code="6">572_800000000000000_L431</subfield>
   <subfield code="7">0</subfield>
   <subfield code="9">23868</subfield>
   <subfield code="a">000001</subfield>
   <subfield code="b">000001</subfield>
   <subfield code="d">2022-05-13</subfield>
   <subfield code="o">572.8 L431</subfield>
   <subfield code="p">MD.19509</subfield>
   <subfield code="r">2022-05-13</subfield>
   <subfield code="v">100000.00</subfield>
   <subfield code="w">2022-05-13</subfield>
   <subfield code="y">BK</subfield>
  </datafield>
  <datafield tag="952" ind1=" " ind2=" ">
   <subfield code="0">0</subfield>
   <subfield code="1">0</subfield>
   <subfield code="2">ddc</subfield>
   <subfield code="4">0</subfield>
   <subfield code="6">572_800000000000000_L431</subfield>
   <subfield code="7">0</subfield>
   <subfield code="9">23869</subfield>
   <subfield code="a">000001</subfield>
   <subfield code="b">000001</subfield>
   <subfield code="d">2022-05-13</subfield>
   <subfield code="l">2</subfield>
   <subfield code="o">572.8 L431</subfield>
   <subfield code="p">MD.19510</subfield>
   <subfield code="r">2023-05-09</subfield>
   <subfield code="s">2023-04-26</subfield>
   <subfield code="v">100000.00</subfield>
   <subfield code="w">2022-05-13</subfield>
   <subfield code="y">BK</subfield>
  </datafield>
  <datafield tag="952" ind1=" " ind2=" ">
   <subfield code="0">0</subfield>
   <subfield code="1">0</subfield>
   <subfield code="2">ddc</subfield>
   <subfield code="4">0</subfield>
   <subfield code="6">572_800000000000000_L431</subfield>
   <subfield code="7">0</subfield>
   <subfield code="9">23870</subfield>
   <subfield code="a">000001</subfield>
   <subfield code="b">000001</subfield>
   <subfield code="d">2022-05-13</subfield>
   <subfield code="l">1</subfield>
   <subfield code="o">572.8 L431</subfield>
   <subfield code="p">MD.19511</subfield>
   <subfield code="r">2023-05-22</subfield>
   <subfield code="s">2023-05-05</subfield>
   <subfield code="v">100000.00</subfield>
   <subfield code="w">2022-05-13</subfield>
   <subfield code="y">BK</subfield>
  </datafield>
  <datafield tag="952" ind1=" " ind2=" ">
   <subfield code="0">0</subfield>
   <subfield code="1">0</subfield>
   <subfield code="2">ddc</subfield>
   <subfield code="4">0</subfield>
   <subfield code="6">572_800000000000000_L431</subfield>
   <subfield code="7">0</subfield>
   <subfield code="9">23871</subfield>
   <subfield code="a">000001</subfield>
   <subfield code="b">000001</subfield>
   <subfield code="d">2022-05-13</subfield>
   <subfield code="o">572.8 L431</subfield>
   <subfield code="p">MD.19512</subfield>
   <subfield code="r">2022-05-13</subfield>
   <subfield code="v">100000.00</subfield>
   <subfield code="w">2022-05-13</subfield>
   <subfield code="y">BK</subfield>
  </datafield>
  <datafield tag="952" ind1=" " ind2=" ">
   <subfield code="0">0</subfield>
   <subfield code="1">0</subfield>
   <subfield code="2">ddc</subfield>
   <subfield code="4">0</subfield>
   <subfield code="6">572_800000000000000_L431</subfield>
   <subfield code="7">0</subfield>
   <subfield code="9">23872</subfield>
   <subfield code="a">000001</subfield>
   <subfield code="b">000001</subfield>
   <subfield code="d">2022-05-13</subfield>
   <subfield code="o">572.8 L431</subfield>
   <subfield code="p">MD.19513</subfield>
   <subfield code="r">2022-05-13</subfield>
   <subfield code="v">100000.00</subfield>
   <subfield code="w">2022-05-13</subfield>
   <subfield code="y">BK</subfield>
  </datafield>
  <datafield tag="952" ind1=" " ind2=" ">
   <subfield code="0">0</subfield>
   <subfield code="1">0</subfield>
   <subfield code="2">ddc</subfield>
   <subfield code="4">0</subfield>
   <subfield code="6">572_800000000000000_L431</subfield>
   <subfield code="7">0</subfield>
   <subfield code="9">23873</subfield>
   <subfield code="a">000001</subfield>
   <subfield code="b">000001</subfield>
   <subfield code="d">2022-05-13</subfield>
   <subfield code="o">572.8 L431</subfield>
   <subfield code="p">MD.19514</subfield>
   <subfield code="r">2022-05-13</subfield>
   <subfield code="v">100000.00</subfield>
   <subfield code="w">2022-05-13</subfield>
   <subfield code="y">BK</subfield>
  </datafield>
  <datafield tag="952" ind1=" " ind2=" ">
   <subfield code="0">0</subfield>
   <subfield code="1">0</subfield>
   <subfield code="2">ddc</subfield>
   <subfield code="4">0</subfield>
   <subfield code="6">572_800000000000000_L431</subfield>
   <subfield code="7">0</subfield>
   <subfield code="9">23874</subfield>
   <subfield code="a">000001</subfield>
   <subfield code="b">000001</subfield>
   <subfield code="d">2022-05-13</subfield>
   <subfield code="l">1</subfield>
   <subfield code="o">572.8 L431</subfield>
   <subfield code="p">MD.19515</subfield>
   <subfield code="r">2023-05-05</subfield>
   <subfield code="s">2023-04-22</subfield>
   <subfield code="v">100000.00</subfield>
   <subfield code="w">2022-05-13</subfield>
   <subfield code="y">BK</subfield>
  </datafield>
  <datafield tag="952" ind1=" " ind2=" ">
   <subfield code="0">0</subfield>
   <subfield code="1">0</subfield>
   <subfield code="2">ddc</subfield>
   <subfield code="4">0</subfield>
   <subfield code="6">572_800000000000000_L431</subfield>
   <subfield code="7">0</subfield>
   <subfield code="9">23875</subfield>
   <subfield code="a">000001</subfield>
   <subfield code="b">000001</subfield>
   <subfield code="d">2022-05-13</subfield>
   <subfield code="l">1</subfield>
   <subfield code="o">572.8 L431</subfield>
   <subfield code="p">MD.19516</subfield>
   <subfield code="r">2023-04-26</subfield>
   <subfield code="s">2023-04-21</subfield>
   <subfield code="v">100000.00</subfield>
   <subfield code="w">2022-05-13</subfield>
   <subfield code="y">BK</subfield>
  </datafield>
  <datafield tag="952" ind1=" " ind2=" ">
   <subfield code="0">0</subfield>
   <subfield code="1">0</subfield>
   <subfield code="2">ddc</subfield>
   <subfield code="4">0</subfield>
   <subfield code="6">572_800000000000000_L431</subfield>
   <subfield code="7">0</subfield>
   <subfield code="9">23876</subfield>
   <subfield code="a">000001</subfield>
   <subfield code="b">000001</subfield>
   <subfield code="d">2022-05-13</subfield>
   <subfield code="o">572.8 L431</subfield>
   <subfield code="p">MD.19517</subfield>
   <subfield code="r">2022-05-13</subfield>
   <subfield code="v">100000.00</subfield>
   <subfield code="w">2022-05-13</subfield>
   <subfield code="y">BK</subfield>
  </datafield>
  <datafield tag="952" ind1=" " ind2=" ">
   <subfield code="0">0</subfield>
   <subfield code="1">0</subfield>
   <subfield code="2">ddc</subfield>
   <subfield code="4">0</subfield>
   <subfield code="6">572_800000000000000_L431</subfield>
   <subfield code="7">0</subfield>
   <subfield code="9">23877</subfield>
   <subfield code="a">000001</subfield>
   <subfield code="b">000001</subfield>
   <subfield code="d">2022-05-13</subfield>
   <subfield code="o">572.8 L431</subfield>
   <subfield code="p">MD.19518</subfield>
   <subfield code="r">2022-05-13</subfield>
   <subfield code="v">100000.00</subfield>
   <subfield code="w">2022-05-13</subfield>
   <subfield code="y">BK</subfield>
  </datafield>
  <datafield tag="952" ind1=" " ind2=" ">
   <subfield code="0">0</subfield>
   <subfield code="1">0</subfield>
   <subfield code="2">ddc</subfield>
   <subfield code="4">0</subfield>
   <subfield code="6">572_800000000000000_L431</subfield>
   <subfield code="7">0</subfield>
   <subfield code="9">23878</subfield>
   <subfield code="a">000001</subfield>
   <subfield code="b">000001</subfield>
   <subfield code="d">2022-05-13</subfield>
   <subfield code="o">572.8 L431</subfield>
   <subfield code="p">MD.19519</subfield>
   <subfield code="r">2022-05-13</subfield>
   <subfield code="v">100000.00</subfield>
   <subfield code="w">2022-05-13</subfield>
   <subfield code="y">BK</subfield>
  </datafield>
  <datafield tag="952" ind1=" " ind2=" ">
   <subfield code="0">0</subfield>
   <subfield code="1">0</subfield>
   <subfield code="2">ddc</subfield>
   <subfield code="4">0</subfield>
   <subfield code="6">572_800000000000000_L431</subfield>
   <subfield code="7">0</subfield>
   <subfield code="9">23879</subfield>
   <subfield code="a">000001</subfield>
   <subfield code="b">000001</subfield>
   <subfield code="d">2022-05-13</subfield>
   <subfield code="o">572.8 L431</subfield>
   <subfield code="p">MD.19520</subfield>
   <subfield code="r">2022-05-13</subfield>
   <subfield code="v">100000.00</subfield>
   <subfield code="w">2022-05-13</subfield>
   <subfield code="y">BK</subfield>
  </datafield>
  <datafield tag="952" ind1=" " ind2=" ">
   <subfield code="0">0</subfield>
   <subfield code="1">0</subfield>
   <subfield code="2">ddc</subfield>
   <subfield code="4">0</subfield>
   <subfield code="6">572_800000000000000_L431</subfield>
   <subfield code="7">0</subfield>
   <subfield code="9">23880</subfield>
   <subfield code="a">000001</subfield>
   <subfield code="b">000001</subfield>
   <subfield code="d">2022-05-13</subfield>
   <subfield code="o">572.8 L431</subfield>
   <subfield code="p">MD.19521</subfield>
   <subfield code="r">2022-05-13</subfield>
   <subfield code="v">100000.00</subfield>
   <subfield code="w">2022-05-13</subfield>
   <subfield code="y">BK</subfield>
  </datafield>
  <datafield tag="952" ind1=" " ind2=" ">
   <subfield code="0">0</subfield>
   <subfield code="1">0</subfield>
   <subfield code="2">ddc</subfield>
   <subfield code="4">0</subfield>
   <subfield code="6">572_800000000000000_L431</subfield>
   <subfield code="7">0</subfield>
   <subfield code="9">23881</subfield>
   <subfield code="a">000001</subfield>
   <subfield code="b">000001</subfield>
   <subfield code="d">2022-05-13</subfield>
   <subfield code="o">572.8 L431</subfield>
   <subfield code="p">MD.19522</subfield>
   <subfield code="r">2022-05-13</subfield>
   <subfield code="v">100000.00</subfield>
   <subfield code="w">2022-05-13</subfield>
   <subfield code="y">BK</subfield>
  </datafield>
  <datafield tag="952" ind1=" " ind2=" ">
   <subfield code="0">0</subfield>
   <subfield code="1">0</subfield>
   <subfield code="2">ddc</subfield>
   <subfield code="4">0</subfield>
   <subfield code="6">572_800000000000000_L431</subfield>
   <subfield code="7">0</subfield>
   <subfield code="9">23882</subfield>
   <subfield code="a">000001</subfield>
   <subfield code="b">000001</subfield>
   <subfield code="d">2022-05-13</subfield>
   <subfield code="o">572.8 L431</subfield>
   <subfield code="p">MD.19523</subfield>
   <subfield code="r">2022-05-13</subfield>
   <subfield code="v">100000.00</subfield>
   <subfield code="w">2022-05-13</subfield>
   <subfield code="y">BK</subfield>
  </datafield>
  <datafield tag="952" ind1=" " ind2=" ">
   <subfield code="0">0</subfield>
   <subfield code="1">0</subfield>
   <subfield code="2">ddc</subfield>
   <subfield code="4">0</subfield>
   <subfield code="6">572_800000000000000_L431</subfield>
   <subfield code="7">0</subfield>
   <subfield code="9">23883</subfield>
   <subfield code="a">000001</subfield>
   <subfield code="b">000001</subfield>
   <subfield code="d">2022-05-13</subfield>
   <subfield code="l">1</subfield>
   <subfield code="o">572.8 L431</subfield>
   <subfield code="p">MD.19524</subfield>
   <subfield code="r">2023-05-08</subfield>
   <subfield code="s">2023-04-24</subfield>
   <subfield code="v">100000.00</subfield>
   <subfield code="w">2022-05-13</subfield>
   <subfield code="y">BK</subfield>
  </datafield>
  <datafield tag="952" ind1=" " ind2=" ">
   <subfield code="0">0</subfield>
   <subfield code="1">0</subfield>
   <subfield code="2">ddc</subfield>
   <subfield code="4">0</subfield>
   <subfield code="6">572_800000000000000_L431</subfield>
   <subfield code="7">0</subfield>
   <subfield code="9">23884</subfield>
   <subfield code="a">000001</subfield>
   <subfield code="b">000001</subfield>
   <subfield code="d">2022-05-13</subfield>
   <subfield code="l">2</subfield>
   <subfield code="o">572.8 L431</subfield>
   <subfield code="p">MD.19525</subfield>
   <subfield code="r">2023-05-11</subfield>
   <subfield code="s">2023-05-09</subfield>
   <subfield code="v">100000.00</subfield>
   <subfield code="w">2022-05-13</subfield>
   <subfield code="y">BK</subfield>
  </datafield>
  <datafield tag="980" ind1=" " ind2=" ">
   <subfield code="a">Thư viện Trường Đại học Nam Cần Thơ</subfield>
  </datafield>
 </record>
</collection>
